|
|
|
|
| LEADER |
00000nam0a2200000 4500 |
| 001 |
315081 |
| 005 |
20231102002736.0 |
| 035 |
|
|
|a (RuTPU)RU\TPU\book\340514
|
| 090 |
|
|
|a 315081
|
| 100 |
|
|
|a 20160225d1895 km y0rusy50 ca
|
| 101 |
0 |
|
|a rus
|
| 102 |
|
|
|a RU
|
| 105 |
|
|
|a abf z 001zy
|
| 200 |
1 |
|
|a Железо и уголь на юге России
|f Е. И. Рагозин
|
| 210 |
|
|
|a С.-Петербург
|c Типография Исидора Гольдберга
|d 1895
|
| 215 |
|
|
|a 170 с., [18] вкл. л.
|c с 23 политипажами, картой, диаграммой и ведомостями
|
| 300 |
|
|
|a На пер. авт. и загл. не указаны
|
| 300 |
|
|
|a Текст в русской дореформенной орфографии
|
| 316 |
|
|
|5 63413507: М-132691
|a На титульном листе владельческая подпись: "Бутаков" и штамп-экслибрис
|
| 317 |
|
|
|5 63413507: М-132691
|a Поступила в НТБ в 1970 г. в составе книжного собрания профессора ТПИ И. Н. Бутакова
|
| 320 |
|
|
|a Приложение: Описание Днепровского завода Южно-Днепровского металлургического общества: с. 143-170
|
| 606 |
1 |
|
|a Горное дело
|2 stltpush
|3 (RuTPU)RU\TPU\subj\7566
|9 35173
|
| 610 |
1 |
|
|a Юг России
|
| 610 |
1 |
|
|a металлургия
|
| 610 |
1 |
|
|a заводы
|
| 610 |
1 |
|
|a каменноугольная промышленность
|
| 610 |
1 |
|
|a владельческая надпись
|
| 610 |
1 |
|
|a владельческие знаки
|
| 610 |
1 |
|
|a библиотека И. Н. Бутакова
|
| 675 |
|
|
|a 622
|v 4
|
| 700 |
|
1 |
|a Рагозин
|b Е. И.
|c русский общественный деятель
|c экономист
|c статистик
|c 1843-1906
|g Евгений Иванович
|2 stltpush
|3 (RuTPU)RU\TPU\pers\36253
|
| 801 |
|
1 |
|a RU
|b 63413507
|c 20160225
|
| 801 |
|
2 |
|a RU
|b 63413507
|c 20190802
|g RCR
|
| 942 |
|
|
|c BK
|